Arte y vida en la obra de Benjamín Jarnés

Gespeichert in:
Bibliographische Detailangaben
1. Verfasser: Zuleta, Emilia de
Format: Buch
Sprache:Spanish
Veröffentlicht: Madrid, España Editorial Gredos 1977
Schlagworte:
Tags: Tag hinzufügen
Keine Tags, Fügen Sie den ersten Tag hinzu!

MARC

LEADER 00000nam a2200000Ia 4500
008 170316s9999 xx 000 0 spa d
040 |a cru BVZT 
090 |a C-862 Z-4a 
100 |a Zuleta, Emilia de 
245 |a Arte y vida en la obra de Benjamín Jarnés  |c Emilia de Zuleta 
260 |a Madrid, España 
260 |b Editorial Gredos 
260 |c 1977 
300 |a 278 páginas 
650 |a LITERATURA ESPAÑOLA  |9 23 
650 |a CRÍTICA 
650 |a BENJAMÍN JARNÉS 
650 |a BENJAMÍN JARNÉS - CRÍTICA Y BIOGRAFÍA 
999 |c 30787  |d 30787 
942 |c 15 D  |h C-862 Z-4a  |2 z